Normal view MARC view

Entry Personal Name

Number of records used in: 1

001 - CONTROL NUMBER

  • control field: 1043437

003 - CONTROL NUMBER IDENTIFIER

  • control field: OSt

005 - DATE AND TIME OF LATEST TRANSACTION

  • control field: 20260121161344.0

008 - FIXED-LENGTH DATA ELEMENTS

  • fixed length control field: 260121|| aca||aabn | a|a d

040 ## - CATALOGING SOURCE

  • Original cataloging agency: OSt
  • Transcribing agency: OSt

100 ## - HEADING--PERSONAL NAME

  • Personal name: What is Indigenous Knowledge?

670 ## - SOURCE DATA FOUND

  • Source citation: Work cat.: (OSt)1610121: What is Indigenous Knowledge?, Ladislaus M. Semali; Joe L. Kincheloe; Ladislaus M. Semali; Joe L. Kincheloe
Copyright @ Delhi University Library System